[Event "SVK-ch Open 2018"]
[Site "Banska Stiavnica"]
[Date "2018.07.15"]
[Round "9"]
[White "Kanakova, Natalie"]
[Black "Bakalar, Jan"]
[Result "1-0"]
[WhiteElo "2206"]
[BlackElo "1998"]
[Annotator "NA"]
[PlyCount "81"]
[EventDate "2018.07.07"]
[EventType "swiss"]
[EventCountry "SVK"]
[SourceTitle "playchess.com"]
[Source "ChessBase"]
[SourceQuality "1"]
[TimeControl "40/5400+30:1800+30"]

1. c4 {[%emt 0:00:00]} Nf6 {[%emt 0:00:54]} 2. Nc3 {[%emt 0:00:50]} e6 {[%emt 0:00:09]} 3. Nf3 {[%emt 0:00:33]} c5 {[%emt 0:01:13]} 4. g3 {[%emt 0:07:02]} b6 {[%emt 0:04:24]} 5. Bg2 {[%emt 0:00:34]} Bb7 {[%emt 0:00:06]} 6. O-O {[%emt 0:00:31]} Be7 {[%emt 0:00:52]} 7. b3 {[%emt 0:03:17]} O-O {[%emt 0:01:53]} 8. Bb2 {[%emt 0:00:09]} a6 {[%emt 0:01:32]} 9. e3 {[%emt 0:04:38]} Qc7 {[%emt 0:02:49]} 10. Rc1 {[%emt 0:01:22]} d6 {[%emt 0:00:57]} 11. d4 {[%emt 0:01:02]} Nbd7 {[%emt 0:01:16]} 12. Re1 {[%emt 0:08:02]} Rac8 {[%emt 0:03:38]} 13. h3 {[%emt 0:08:44]} Qb8 {[%emt 0:00:46]} 14. d5 {[%emt 0:01:30]} e5 {[%emt 0:01:32]} 15. e4 {[%emt 0:01:23]} b5 {[%emt 0:06:07]} 16. cxb5 {[%emt 0:02:41]} axb5 {[%emt 0:00:19]} 17. Nxb5 {[%emt 0:01:30]} Ba6 {[%emt 0:00:26]} 18. Na3 {[%emt 0:03:12]} c4 {[%emt 0:00:38]} 19. Bf1 {[%emt 0:03:03]} Nc5 {[%emt 0:01:26]} 20. Bxc4 {[%emt 0:01:46]} Ncxe4 {[%emt 0:02:28]} 21. Bxa6 {[%emt 0:05:05]} Qa7 {[%emt 0:01:21]} 22. Qe2 {[%emt 0:00:57]} Nxg3 {[%emt 0:01:28]} 23. Qe3 {[%emt 0:04:00]} Qxa6 {[%emt 0:05:30]} 24. fxg3 {[%emt 0:00:06]} Nxd5 {[%emt 0:00:22]} 25. Qe2 {[%emt 0:02:11]} Qa7+ {[%emt 0:01:21]} 26. Kh1 {[%emt 0:03:10]} Ra8 {[%emt 0:05:02]} 27. Rc4 {[%emt 0:02:58]} Qd7 {[%emt 0:00:33]} 28. Kh2 {[%emt 0:00:48]} f5 {[%emt 0:01:28]} 29. Qd2 {[%emt 0:05:11]} Nb6 {[%emt 0:04:56]} 30. Rc2 {[%emt 0:02:04]} Qb7 {[%emt 0:01:33]} 31. Qe2 {[%emt 0:04:45]} d5 {[%emt 0:09:19]} 32. Qxe5 {[%emt 0:03:25]} Bf6 {[%emt 0:02:33]} 33. Qe6+ {[%emt 0:00:06]} Kh8 {[%emt 0:00:05]} 34. Bxf6 {[%emt 0:01:14]} Rxf6 {[%emt 0:00:28]} 35. Qe8+ {[%emt 0:01:13]} Rf8 {[%emt 0:00:20]} 36. Qc6 {[%emt 0:00:56]} Qxc6 {[%emt 0:01:56]} 37. Rxc6 {[%emt 0:00:05]} Nd7 {[%emt 0:00:11]} 38. Nc2 {[%emt 0:01:11]} Rxa2 {[%emt 0:00:12]} 39. Nfd4 {[%emt 0:00:50]} f4 {[%emt 0:01:09]} 40. gxf4 {[%emt 0:00:19]} Nf6 {[%emt 0:00:58]} 41. Ra1 {[%emt 0:31:27]} 1-0

[Event "SVK-ch Open 2018"]
[Site "Banska Stiavnica"]
[Date "2018.07.15"]
[Round "9"]
[White "Bombek, Peter"]
[Black "Franzen, Jozef"]
[Result "1/2-1/2"]
[WhiteElo "2201"]
[BlackElo "2256"]
[Annotator "NA"]
[PlyCount "82"]
[EventDate "2018.07.07"]
[EventType "swiss"]
[EventCountry "SVK"]
[SourceTitle "playchess.com"]
[Source "ChessBase"]
[SourceQuality "1"]
[TimeControl "40/5400+30:1800+30"]

1. d4 {[%emt 0:00:02]} Nf6 {[%emt 0:00:00]} 2. Nf3 {[%emt 0:00:08]} g6 {[%emt 0:00:00]} 3. g3 {[%emt 0:00:10]} Bg7 {[%emt 0:00:00]} 4. Bg2 {[%emt 0:00:07]} O-O {[%emt 0:00:03]} 5. O-O {[%emt 0:00:05]} d6 {[%emt 0:00:05]} 6. a4 {[%emt 0:00:09]} Nbd7 {[%emt 0:03:13]} 7. a5 {[%emt 0:00:31]} c6 {[%emt 0:00:46]} 8. Nc3 {[%emt 0:01:47]} Qc7 {[%emt 0:00:31]} 9. b3 {[%emt 0:03:49]} Re8 {[%emt 0:00:35]} 10. Bb2 {[%emt 0:00:57]} e5 {[%emt 0:02:13]} 11. dxe5 {[%emt 0:02:05]} dxe5 {[%emt 0:00:09]} 12. Qc1 {[%emt 0:07:43]} Nc5 {[%emt 0:03:42]} 13. Qe3 {[%emt 0:02:07]} Nfd7 {[%emt 0:01:24]} 14. Rfd1 {[%emt 0:02:22]} f5 {[%emt 0:05:46]} 15. Ba3 {[%emt 0:05:15]} b6 {[%emt 0:05:42]} 16. Bxc5 {[%emt 0:14:00]} Nxc5 {[%emt 0:04:48]} 17. axb6 {[%emt 0:00:15]} Qxb6 {[%emt 0:00:04]} 18. b4 {[%emt 0:06:07]} Nd7 {[%emt 0:11:04]} 19. Qxb6 {[%emt 0:01:34]} Nxb6 {[%emt 0:00:04]} 20. Na4 {[%emt 0:04:06]} Ba6 {[%emt 0:13:04]} 21. e4 {[%emt 0:03:21]} Nxa4 {[%emt 0:13:28]} 22. Rxa4 {[%emt 0:01:09]} Bb5 {[%emt 0:00:27]} 23. Raa1 {[%emt 0:06:04]} Rad8 {[%emt 0:00:50]} 24. Bf1 {[%emt 0:01:28]} fxe4 {[%emt 0:04:36]} 25. Ng5 {[%emt 0:01:19]} Bxf1 {[%emt 0:01:36]} 26. Kxf1 {[%emt 0:00:33]} e3 {[%emt 0:00:27]} 27. Rxd8 {[%emt 0:08:38]} Rxd8 {[%emt 0:00:02]} 28. fxe3 {[%emt 0:02:29]} Bh6 {[%emt 0:01:17]} 29. h4 {[%emt 0:03:24]} Bxg5 {[%emt 0:00:28]} 30. hxg5 {[%emt 0:00:00]} Rd2 {[%emt 0:00:53]} 31. Rxa7 {[%emt 0:03:38]} Rxc2 {[%emt 0:00:11]} 32. Rc7 {[%emt 0:02:01]} Rc4 {[%emt 0:00:59]} 33. Kf2 {[%emt 0:00:19]} Rxb4 {[%emt 0:00:13]} 34. Rxc6 {[%emt 0:00:11]} Rg4 {[%emt 0:00:09]} 35. Rc8+ {[%emt 0:00:08]} Kf7 {[%emt 0:00:27]} 36. Rc7+ {[%emt 0:00:20]} Ke6 {[%emt 0:00:14]} 37. Rxh7 {[%emt 0:02:45]} Rxg5 {[%emt 0:01:06]} 38. e4 {[%emt 0:02:06]} Rh5 {[%emt 0:00:49]} 39. Ra7 {[%emt 0:01:57]} Rh1 {[%emt 0:01:18]} 40. Ra6+ {[%emt 0:00:16]} Kf7 {[%emt 0:00:08]} 41. Kf3 {[%emt 0:31:23]} Rf1+ {[%emt 0:30:20]} 1/2-1/2

[Event "SVK-ch Open 2018"]
[Site "Banska Stiavnica"]
[Date "2018.07.15"]
[Round "9"]
[White "Kostolansky, Sebastian Lukas"]
[Black "Budinsky, Jozef"]
[Result "1-0"]
[WhiteElo "2197"]
[BlackElo "1931"]
[Annotator "NA"]
[PlyCount "47"]
[EventDate "2018.07.07"]
[EventType "swiss"]
[EventCountry "SVK"]
[SourceTitle "playchess.com"]
[Source "ChessBase"]
[SourceQuality "1"]
[TimeControl "40/5400+30:1800+30"]

1. e4 {[%emt 0:00:00]} e5 {[%emt 0:00:11]} 2. Nf3 {[%emt 0:00:00]} Nc6 {[%emt 0:00:10]} 3. Bb5 {[%emt 0:00:00]} a6 {[%emt 0:01:12]} 4. Ba4 {[%emt 0:00:00]} Nf6 {[%emt 0:01:19]} 5. d3 {[%emt 0:00:07]} Be7 {[%emt 0:01:15]} 6. Bxc6 {[%emt 0:05:14]} dxc6 {[%emt 0:02:09]} 7. Nxe5 {[%emt 0:00:16]} O-O {[%emt 0:03:21]} 8. O-O {[%emt 0:04:45]} Be6 {[%emt 0:00:20]} 9. Nd2 {[%emt 0:12:18]} Ne8 {[%emt 0:10:31]} 10. f4 {[%emt 0:06:22]} f6 {[%emt 0:00:42]} 11. Nef3 {[%emt 0:02:26]} c5 {[%emt 0:00:57]} 12. Qe2 {[%emt 0:02:17]} c6 {[%emt 0:04:11]} 13. b3 {[%emt 0:07:43]} Nc7 {[%emt 0:01:44]} 14. Bb2 {[%emt 0:02:50]} Re8 {[%emt 0:12:07]} 15. Rae1 {[%emt 0:05:59]} Bf8 {[%emt 0:06:08]} 16. Qf2 {[%emt 0:02:10]} Kh8 {[%emt 0:08:22]} 17. f5 {[%emt 0:02:17]} Bd7 {[%emt 0:04:07]} 18. e5 {[%emt 0:03:13]} Nd5 {[%emt 0:06:10]} 19. exf6 {[%emt 0:09:19]} Nxf6 {[%emt 0:03:48]} 20. Ng5 {[%emt 0:05:51]} Kg8 {[%emt 0:00:34]} 21. Nde4 {[%emt 0:04:25]} Nxe4 {[%emt 0:03:04]} 22. Nxe4 {[%emt 0:00:08]} Kh8 {[%emt 0:06:20]} 23. f6 {[%emt 0:00:34]} Qc7 {[%emt 0:07:20]} 24. fxg7+ {[%emt 0:00:29]} 1-0

[Event "SVK-ch Open 2018"]
[Site "Banska Stiavnica"]
[Date "2018.07.15"]
[Round "9"]
[White "Jozefek, Michal"]
[Black "Mrvova, Alena"]
[Result "1-0"]
[WhiteElo "2182"]
[BlackElo "2202"]
[Annotator "NA"]
[PlyCount "89"]
[EventDate "2018.07.07"]
[EventType "swiss"]
[EventCountry "SVK"]
[SourceTitle "playchess.com"]
[Source "ChessBase"]
[SourceQuality "1"]
[TimeControl "40/5400+30:1800+30"]

1. d4 {[%emt 0:00:00]} d5 {[%emt 0:00:00]} 2. c4 {[%emt 0:00:00]} e6 {[%emt 0:00:05]} 3. Nc3 {[%emt 0:00:04]} Nf6 {[%emt 0:00:24]} 4. cxd5 {[%emt 0:00:07]} exd5 {[%emt 0:00:27]} 5. Bg5 {[%emt 0:00:08]} Be7 {[%emt 0:01:10]} 6. e3 {[%emt 0:01:41]} c6 {[%emt 0:01:15]} 7. Bd3 {[%emt 0:00:08]} h6 {[%emt 0:05:57]} 8. Bh4 {[%emt 0:00:32]} Ne4 {[%emt 0:00:28]} 9. Bxe7 {[%emt 0:02:51]} Qxe7 {[%emt 0:00:33]} 10. Nge2 {[%emt 0:02:42]} Nd7 {[%emt 0:02:39]} 11. Bxe4 {[%emt 0:02:50]} dxe4 {[%emt 0:00:34]} 12. Ng3 {[%emt 0:00:22]} Nf6 {[%emt 0:06:38]} 13. Qc2 {[%emt 0:00:47]} O-O {[%emt 0:00:09]} 14. Ngxe4 {[%emt 0:01:00]} Bf5 {[%emt 0:00:27]} 15. Nxf6+ {[%emt 0:02:37]} Qxf6 {[%emt 0:00:04]} 16. Qd2 {[%emt 0:04:49]} Rfe8 {[%emt 0:01:39]} 17. O-O {[%emt 0:02:15]} Rad8 {[%emt 0:00:33]} 18. Rad1 {[%emt 0:01:18]} Qg5 {[%emt 0:06:08]} 19. Ne2 {[%emt 0:10:55]} Bg4 {[%emt 0:01:47]} 20. Rde1 {[%emt 0:07:35]} Bxe2 {[%emt 0:05:07]} 21. Qxe2 {[%emt 0:01:56]} Rxd4 {[%emt 0:02:43]} 22. exd4 {[%emt 0:00:52]} Rxe2 {[%emt 0:00:08]} 23. Rxe2 {[%emt 0:00:05]} Qf6 {[%emt 0:00:20]} 24. Rd1 {[%emt 0:01:07]} Qd6 {[%emt 0:01:09]} 25. h3 {[%emt 0:02:09]} Kh7 {[%emt 0:00:42]} 26. b3 {[%emt 0:01:29]} Kg6 {[%emt 0:00:18]} 27. Rd3 {[%emt 0:04:38]} Kh7 {[%emt 0:01:31]} 28. d5 {[%emt 0:00:59]} cxd5 {[%emt 0:02:47]} 29. Red2 {[%emt 0:01:14]} Qe5 {[%emt 0:03:19]} 30. Rxd5 {[%emt 0:01:01]} Qe1+ {[%emt 0:00:04]} 31. Kh2 {[%emt 0:00:01]} a6 {[%emt 0:02:58]} 32. Rd7 {[%emt 0:04:38]} b5 {[%emt 0:02:07]} 33. Rc2 {[%emt 0:07:05]} Qe5+ {[%emt 0:01:59]} 34. g3 {[%emt 0:00:08]} Qf5 {[%emt 0:00:05]} 35. Rcd2 {[%emt 0:00:17]} Qf3 {[%emt 0:05:54]} 36. Ra7 {[%emt 0:02:25]} Qf6 {[%emt 0:10:08]} 37. Kg1 {[%emt 0:00:47]} Kg6 {[%emt 0:01:10]} 38. Rdd7 {[%emt 0:01:07]} Qa1+ {[%emt 0:00:07]} 39. Kg2 {[%emt 0:00:36]} Qxa2 {[%emt 0:00:06]} 40. Rxf7 {[%emt 0:00:18]} Qxb3 {[%emt 0:00:12]} 41. Rxg7+ {[%emt 0:30:18]} Kf6 {[%emt 0:30:23]} 42. Rgc7 {[%emt 0:05:30]} Qe6 {[%emt 0:04:01]} 43. Rh7 {[%emt 0:01:48]} Qd5+ {[%emt 0:06:36]} 44. Kh2 {[%emt 0:00:28]} Qa2 {[%emt 0:00:07]} 45. Rxa6+ {[%emt 0:00:35]} 1-0

[Event "SVK-ch Open 2018"]
[Site "Banska Stiavnica"]
[Date "2018.07.15"]
[Round "9"]
[White "Zatko, Gregor"]
[Black "Aczel, Gergely"]
[Result "0-1"]
[WhiteElo "2144"]
[BlackElo "2543"]
[Annotator "TA"]
[PlyCount "70"]
[EventDate "2018.07.07"]
[EventType "swiss"]
[EventCountry "SVK"]
[SourceTitle "playchess.com"]
[Source "ChessBase"]
[SourceQuality "1"]

{[%evp 24,70,26,16,40,0,0,0,0,-23,-28,-27,-18,-43,-10,-10,0,-8,-17,-18,-12,-24,-27,-66,-29,-38,-20,-25,-14,-58,-55,-42,-68,-59,-53,-195,-177,-493,-490,-462,-458,-515,-498,-1110,-1101,-29987,-29988,-29995,-29996]} 1. d4 Nf6 2. Bf4 g6 3. e3 Bg7 4. Nf3 d6 5. h3 b6 6. Nbd2 Bb7 7. a4 a6 8. Be2 Nbd7 9. O-O O-O 10. c3 c5 11. Re1 Rc8 {A48: 1 d4 Nf6 2 Nf3 g6: Torre, London and Colle Systems} (11... cxd4 12. exd4 Nd5 13. Bh2 Bh6 14. Bf1 a5 15. Nc4 N7f6 16. Na3 Bf4 17. Bxf4 Nxf4 18. g3 N4d5 19. Bg2 {½-½ (64) Kamsky,G (2741)-Svidler,P (2747) Loo 2013}) 12. Bh2 Rc7 13. Bd3 {LiveBook: 3 Games} cxd4 {The position is equal.} 14. cxd4 $146 ({Predecessor:} 14. exd4 Nd5 15. Qb3 Bh6 16. Bxa6 Bxa6 17. Qxd5 Bb7 18. Qb3 Re8 19. Ne4 Qa8 {½-½ (30) Jugelt,T (2418)-Malek,D (2411) Luebeck 2016}) 14... Nd5 15. Qb3 a5 16. Nc4 Nb4 17. Be2 Qa8 18. Rec1 Bd5 19. Qd1 Qb7 20. Ne1 Rfc8 {[%cal Rd5c4]} 21. b3 Nf6 22. f3 Bh6 {[#] Strongly threatening ...Bxc4.} 23. Kf2 Rc6 (23... Bxc4 $5 24. bxc4 Rc6 $11) 24. g4 Bxc4 25. Bxc4 d5 $36 {[%mdl 2048] Black has some pressure.} 26. Bb5 (26. Bd3 $5) 26... Rc3 27. Rxc3 Rxc3 28. Ng2 Qc8 {aiming for ...Rc2+.} 29. Bf4 (29. Rb1 $1 $15) 29... Bxf4 $19 30. exf4 $2 (30. Nxf4 {nothing else works.} Nc2 31. Rb1) 30... Rc2+ 31. Be2 Qc3 32. Kf1 Rd2 33. Qc1 (33. Qe1 $142 Nc2 34. Rc1) 33... Nc2 {...Rxe2 is the strong threat.} 34. Rb1 {[#]} Rxe2 $1 {[%mdl 512]} 35. Kxe2 Nxd4+ {Precision: White = 29%, Black = 58%.} 0-1

[Event "SVK-ch Open 2018"]
[Site "Banska Stiavnica"]
[Date "2018.07.15"]
[Round "9"]
[White "Hrbek, Stepan"]
[Black "Dylag, Emilia"]
[Result "0-1"]
[WhiteElo "2129"]
[BlackElo "1935"]
[Annotator "NA"]
[PlyCount "72"]
[EventDate "2018.07.07"]
[EventType "swiss"]
[EventCountry "SVK"]
[SourceTitle "playchess.com"]
[Source "ChessBase"]
[SourceQuality "1"]
[TimeControl "40/5400+30:1800+30"]

1. e4 {[%emt 0:00:00]} c5 {[%emt 0:00:00]} 2. Nf3 {[%emt 0:00:00]} d6 {[%emt 0:00:00]} 3. d4 {[%emt 0:00:00]} cxd4 {[%emt 0:00:08]} 4. Nxd4 {[%emt 0:00:00]} Nf6 {[%emt 0:00:15]} 5. Nc3 {[%emt 0:00:00]} a6 {[%emt 0:00:13]} 6. Be3 {[%emt 0:00:19]} e5 {[%emt 0:00:15]} 7. Nb3 {[%emt 0:00:05]} Be7 {[%emt 0:00:15]} 8. f3 {[%emt 0:00:50]} Be6 {[%emt 0:01:02]} 9. Qd2 {[%emt 0:00:33]} O-O {[%emt 0:00:10]} 10. O-O-O {[%emt 0:00:09]} a5 {[%emt 0:00:43]} 11. Bb5 {[%emt 0:07:23]} Na6 {[%emt 0:06:39]} 12. Qf2 {[%emt 0:05:22]} Qb8 {[%emt 0:13:31]} 13. Bb6 {[%emt 0:04:16]} Nc7 {[%emt 0:03:45]} 14. a4 {[%emt 0:10:41]} Rc8 {[%emt 0:14:12]} 15. Kb1 {[%emt 0:07:09]} Nxb5 {[%emt 0:02:58]} 16. Nxb5 {[%emt 0:00:29]} Ra6 {[%emt 0:01:24]} 17. Rd2 {[%emt 0:04:03]} Nd7 {[%emt 0:11:04]} 18. Ba7 {[%emt 0:00:42]} Qa8 {[%emt 0:00:15]} 19. Be3 Rc4 {[%emt 0:04:47]} 20. Rhd1 {[%emt 0:03:06]} Qb8 {[%emt 0:12:22]} 21. Nc3 {[%emt 0:08:24]} Rxc3 {[%emt 0:03:29]} 22. bxc3 {[%emt 0:00:30]} b5 {[%emt 0:01:19]} 23. axb5 {[%emt 0:10:58]} Qxb5 {[%emt 0:00:25]} 24. Rd5 {[%emt 0:00:08]} Qb7 {[%emt 0:04:05]} 25. Qe2 {[%emt 0:14:56]} a4 {[%emt 0:02:24]} 26. Qb5 {[%emt 0:01:39]} Qxb5 {[%emt 0:07:16]} 27. Rxb5 {[%emt 0:00:06]} axb3 {[%emt 0:00:07]} 28. cxb3 {[%emt 0:00:23]} h6 {[%emt 0:01:05]} 29. b4 {[%emt 0:06:15]} Bg5 {[%emt 0:01:57]} 30. Bxg5 {[%emt 0:03:03]} hxg5 {[%emt 0:00:07]} 31. Rb7 {[%emt 0:00:11]} Rc6 {[%emt 0:00:53]} 32. Kc2 {[%emt 0:02:11]} Ra6 {[%emt 0:02:53]} 33. b5 {[%emt 0:01:41]} Ra2+ {[%emt 0:00:11]} 34. Kb1 {[%emt 0:00:09]} Rxg2 {[%emt 0:01:11]} 35. b6 {[%emt 0:08:33]} Nc5 {[%emt 0:00:32]} 36. Rc7 {[%emt 0:01:17]} Ba2+ {[%emt 0:00:14]} 0-1

[Event "SVK-ch Open 2018"]
[Site "Banska Stiavnica"]
[Date "2018.07.15"]
[Round "9"]
[White "Bochnicka, Vladimir"]
[Black "Sikora, Jan"]
[Result "1/2-1/2"]
[WhiteElo "2092"]
[BlackElo "2209"]
[Annotator "NA"]
[PlyCount "83"]
[EventDate "2018.07.07"]
[EventType "swiss"]
[EventCountry "SVK"]
[SourceTitle "playchess.com"]
[Source "ChessBase"]
[SourceQuality "1"]
[TimeControl "40/5400+30:1800+30"]

1. e4 {[%emt 0:00:00]} c5 {[%emt 0:00:00]} 2. Nf3 {[%emt 0:00:00]} d6 {[%emt 0:00:00]} 3. d4 {[%emt 0:00:01]} cxd4 {[%emt 0:00:00]} 4. Nxd4 {[%emt 0:00:06]} Nf6 {[%emt 0:00:03]} 5. Nc3 {[%emt 0:00:08]} a6 {[%emt 0:00:03]} 6. Bg5 {[%emt 0:00:09]} Nbd7 {[%emt 0:00:31]} 7. Qe2 {[%emt 0:00:17]} b5 {[%emt 0:02:06]} 8. f4 {[%emt 0:00:07]} e5 {[%emt 0:01:39]} 9. fxe5 {[%emt 0:00:12]} dxe5 {[%emt 0:00:08]} 10. O-O-O {[%emt 0:03:00]} Qc7 {[%emt 0:02:28]} 11. Nf5 {[%emt 0:00:55]} h6 {[%emt 0:00:21]} 12. Bh4 {[%emt 0:01:11]} g6 {[%emt 0:00:03]} 13. Ne3 {[%emt 0:00:16]} Bb7 {[%emt 0:00:03]} 14. g4 {[%emt 0:01:22]} b4 {[%emt 0:11:23]} 15. Ncd5 {[%emt 0:08:21]} Nxd5 {[%emt 0:03:28]} 16. Nxd5 {[%emt 0:00:07]} Bxd5 {[%emt 0:00:18]} 17. exd5 {[%emt 0:00:14]} Bd6 {[%emt 0:01:49]} 18. Bg2 {[%emt 0:05:54]} Rc8 {[%emt 0:03:05]} 19. Kb1 {[%emt 0:03:50]} a5 {[%emt 0:02:03]} 20. Rhf1 {[%emt 0:09:08]} a4 {[%emt 0:04:09]} 21. Be4 {[%emt 0:08:00]} O-O {[%emt 0:07:07]} 22. Bf6 {[%emt 0:06:25]} Nxf6 {[%emt 0:22:40]} 23. Rxf6 {[%emt 0:00:02]} Kg7 {[%emt 0:01:03]} 24. Rdf1 {[%emt 0:05:46]} Qe7 {[%emt 0:03:52]} 25. Qf3 {[%emt 0:04:26]} a3 {[%emt 0:14:46]} 26. b3 {[%emt 0:19:52]} Rc3 {[%emt 0:02:30]} 27. Qf2 {[%emt 0:01:30]} Rh3 {[%emt 0:04:24]} 28. Qb6 {[%emt 0:01:23]} Bc5 {[%emt 0:08:11]} 29. Rxg6+ {[%emt 0:00:10]} Kh8 {[%emt 0:00:17]} 30. Rxh6+ {[%emt 0:00:07]} Kg7 {[%emt 0:00:05]} 31. Qf6+ {[%emt 0:00:33]} Qxf6 {[%emt 0:00:02]} 32. Rhxf6 {[%emt 0:00:09]} Rxh2 {[%emt 0:00:29]} 33. d6 {[%emt 0:00:31]} Rd2 {[%emt 0:00:33]} 34. Bd3 {[%emt 0:00:41]} e4 {[%emt 0:02:35]} 35. Bxe4 {[%emt 0:00:08]} Rxd6 {[%emt 0:00:03]} 36. R6f5 {[%emt 0:01:23]} Be3 {[%emt 0:00:11]} 37. Rb5 {[%emt 0:01:23]} Rfd8 {[%emt 0:02:01]} 38. Bd3 {[%emt 0:00:32]} Rd4 {[%emt 0:00:32]} 39. g5 {[%emt 0:01:10]} R8d5 {[%emt 0:02:02]} 40. Rb7 {[%emt 0:00:50]} Rd7 {[%emt 0:00:02]} 41. Rb5 {[%emt 0:31:45]} R7d5 {[%emt 0:03:53]} 42. Rb7 {[%emt 0:00:00]} 1/2-1/2

[Event "SVK-ch Open 2018"]
[Site "Banska Stiavnica"]
[Date "2018.07.15"]
[Round "9"]
[White "Lukac, Roman"]
[Black "Sarkozy, Ladislav"]
[Result "1/2-1/2"]
[WhiteElo "2089"]
[BlackElo "2247"]
[Annotator "NA"]
[PlyCount "26"]
[EventDate "2018.07.07"]
[EventType "swiss"]
[EventCountry "SVK"]
[SourceTitle "playchess.com"]
[Source "ChessBase"]
[SourceQuality "1"]
[TimeControl "40/5400+30:1800+30"]

1. e4 {[%emt 0:01:42]} c5 {[%emt 0:00:00]} 2. Nf3 {[%emt 0:00:12]} d6 {[%emt 0:00:00]} 3. d4 {[%emt 0:00:18]} cxd4 {[%emt 0:00:00]} 4. Nxd4 {[%emt 0:00:03]} Nf6 {[%emt 0:00:07]} 5. Nc3 {[%emt 0:00:10]} g6 {[%emt 0:00:06]} 6. f3 {[%emt 0:01:48]} Bg7 {[%emt 0:00:07]} 7. Be3 {[%emt 0:00:13]} Nc6 {[%emt 0:00:18]} 8. Qd2 {[%emt 0:00:51]} O-O {[%emt 0:00:08]} 9. Bc4 {[%emt 0:01:52]} Bd7 {[%emt 0:00:18]} 10. Bb3 {[%emt 0:01:05]} Rc8 {[%emt 0:00:48]} 11. h4 {[%emt 0:00:47]} h5 {[%emt 0:00:43]} 12. O-O-O {[%emt 0:00:39]} Ne5 {[%emt 0:00:05]} 13. Bg5 {[%emt 0:00:20]} Rc5 {[%emt 0:00:22]} 1/2-1/2

[Event "SVK-ch Open 2018"]
[Site "Banska Stiavnica"]
[Date "2018.07.15"]
[Round "9"]
[White "Odler, Daniel"]
[Black "Gombar, Peter"]
[Result "1/2-1/2"]
[WhiteElo "2067"]
[BlackElo "1974"]
[Annotator "NA"]
[PlyCount "58"]
[EventDate "2018.07.07"]
[EventType "swiss"]
[EventCountry "SVK"]
[SourceTitle "playchess.com"]
[Source "ChessBase"]
[SourceQuality "1"]
[TimeControl "40/5400+30:1800+30"]

1. e4 {[%emt 0:00:00]} b6 {[%emt 0:00:00]} 2. c4 {[%emt 0:00:00]} Bb7 {[%emt 0:00:00]} 3. Nc3 {[%emt 0:00:03]} e5 {[%emt 0:01:13]} 4. Nf3 {[%emt 0:01:21]} Nc6 {[%emt 0:00:29]} 5. d4 {[%emt 0:01:59]} exd4 {[%emt 0:12:37]} 6. Nxd4 {[%emt 0:00:16]} Nxd4 {[%emt 0:00:22]} 7. Qxd4 {[%emt 0:00:08]} Qf6 {[%emt 0:00:26]} 8. Be3 {[%emt 0:02:51]} Bc5 {[%emt 0:05:23]} 9. Qxf6 {[%emt 0:02:00]} Nxf6 {[%emt 0:00:08]} 10. Bxc5 {[%emt 0:00:11]} bxc5 {[%emt 0:00:04]} 11. f3 {[%emt 0:01:14]} O-O-O {[%emt 0:07:45]} 12. g4 {[%emt 0:05:47]} g5 {[%emt 0:05:50]} 13. h4 {[%emt 0:08:31]} h6 {[%emt 0:02:00]} 14. Rd1 {[%emt 0:05:28]} d6 {[%emt 0:07:45]} 15. Rd2 {[%emt 0:00:58]} Nd7 {[%emt 0:01:18]} 16. Rdh2 {[%emt 0:03:30]} Ne5 {[%emt 0:05:57]} 17. Kf2 {[%emt 0:01:14]} Rhg8 {[%emt 0:05:18]} 18. hxg5 {[%emt 0:01:51]} hxg5 {[%emt 0:01:19]} 19. Rh7 {[%emt 0:03:15]} Rg6 {[%emt 0:07:47]} 20. Be2 {[%emt 0:02:47]} Rdg8 {[%emt 0:01:06]} 21. Kg3 {[%emt 0:01:53]} Kd8 {[%emt 0:03:35]} 22. b3 {[%emt 0:00:56]} Bc6 {[%emt 0:04:40]} 23. Nd1 {[%emt 0:03:01]} Bd7 {[%emt 0:02:09]} 24. Ne3 {[%emt 0:04:30]} Be6 {[%emt 0:00:54]} 25. R1h6 {[%emt 0:06:49]} Rxh6 {[%emt 0:00:59]} 26. Rxh6 {[%emt 0:01:44]} Ng6 {[%emt 0:00:47]} 27. Ng2 {[%emt 0:02:30]} Ne5 {[%emt 0:01:32]} 28. Rh7 {[%emt 0:01:16]} Ke8 {[%emt 0:00:15]} 29. Ne3 {[%emt 0:02:29]} Ng6 {[%emt 0:01:58]} 1/2-1/2

[Event "SVK-ch Open 2018"]
[Site "Banska Stiavnica"]
[Date "2018.07.15"]
[Round "9"]
[White "Bojda, Lubomir"]
[Black "Molnar, Erno"]
[Result "1/2-1/2"]
[WhiteElo "2064"]
[BlackElo "2231"]
[Annotator "NA"]
[PlyCount "60"]
[EventDate "2018.07.07"]
[EventType "swiss"]
[EventCountry "SVK"]
[SourceTitle "playchess.com"]
[Source "ChessBase"]
[SourceQuality "1"]
[TimeControl "40/5400+30:1800+30"]

1. d4 {[%emt 0:00:00]} Nf6 {[%emt 0:04:20]} 2. Nf3 {[%emt 0:00:54]} g6 {[%emt 0:00:06]} 3. Nbd2 {[%emt 0:01:48]} d5 {[%emt 0:01:19]} 4. c4 {[%emt 0:00:35]} Bg7 {[%emt 0:07:17]} 5. e3 {[%emt 0:02:20]} O-O {[%emt 0:00:52]} 6. Qb3 {[%emt 0:01:37]} e6 {[%emt 0:04:30]} 7. Be2 {[%emt 0:03:26]} b6 {[%emt 0:02:29]} 8. O-O {[%emt 0:02:43]} Bb7 {[%emt 0:02:35]} 9. cxd5 {[%emt 0:02:58]} exd5 {[%emt 0:02:00]} 10. Ne5 {[%emt 0:01:38]} Nbd7 {[%emt 0:02:31]} 11. f4 {[%emt 0:08:26]} c5 {[%emt 0:04:50]} 12. Bf3 {[%emt 0:03:39]} Rc8 {[%emt 0:06:10]} 13. Rd1 {[%emt 0:04:39]} Qe7 {[%emt 0:11:48]} 14. Nf1 {[%emt 0:04:16]} Rc7 {[%emt 0:04:29]} 15. Bd2 {[%emt 0:05:21]} Rfc8 {[%emt 0:09:40]} 16. Qa3 {[%emt 0:03:47]} Ba8 {[%emt 0:04:31]} 17. Rac1 {[%emt 0:01:31]} Bf8 {[%emt 0:04:12]} 18. Qa6 {[%emt 0:09:25]} Bb7 {[%emt 0:04:33]} 19. Qe2 {[%emt 0:01:43]} a5 {[%emt 0:02:00]} 20. Qe1 {[%emt 0:01:36]} c4 {[%emt 0:01:44]} 21. h3 {[%emt 0:06:03]} Ne4 {[%emt 0:00:51]} 22. Bxe4 {[%emt 0:04:58]} dxe4 {[%emt 0:00:02]} 23. Nxd7 {[%emt 0:00:47]} Qxd7 {[%emt 0:00:20]} 24. a3 {[%emt 0:04:34]} Bd5 {[%emt 0:00:14]} 25. Ng3 {[%emt 0:01:56]} Rb7 {[%emt 0:03:03]} 26. Ne2 {[%emt 0:00:24]} Be7 {[%emt 0:01:47]} 27. Qf1 {[%emt 0:00:47]} Bd8 {[%emt 0:00:51]} 28. Nc3 {[%emt 0:02:53]} b5 {[%emt 0:00:19]} 29. Qe1 {[%emt 0:00:50]} Ra8 {[%emt 0:01:16]} 30. Qe2 {[%emt 0:00:34]} Rc8 {[%emt 0:01:29]} 1/2-1/2